Public Finance (Record no. 3670)

MARC details
005 - DATE AND TIME OF LATEST TRANSACTION
control field 20250613083741.0
020 ## - INTERNATIONAL STANDARD BOOK NUMBER
International Standard Book Number 978-0-07-351128-3
082 ## - DEWEY DECIMAL CLASSIFICATION NUMBER
Classification number 658.15 ROS
100 ## - MAIN ENTRY--PERSONAL NAME
Author name ROSEN, S. H
245 ## - TITLE STATEMENT
Title Public Finance
250 ## - EDITION STATEMENT
Edition statement 8th Ed.
260 ## - PUBLICATION, DISTRIBUTION, ETC.
Place of publication, distribution, etc. New York
Name of publisher, distributor, etc. McGraw-Hill Irwin
Date of publication, distribution, etc. 2008.
300 ## - PHYSICAL DESCRIPTION
Extent xxvi,596p.
Other physical details Index
Dimensions 26 cm
700 ## - ADDED ENTRY--PERSONAL NAME
Other authors/Editors Ted Gayer
942 ## - ADDED ENTRY ELEMENTS (KOHA)
Source of classification or shelving scheme Dewey Decimal Classification
Koha item type Books
Holdings
Date last seen Total checkouts Full call number Barcode Cost, replacement price Price effective from Koha item type Lost status Source of classification or shelving scheme Damaged status Not for loan Withdrawn status Home library Current library Shelving location Date acquired Source of acquisition Cost, normal purchase price
06/11/2025   658.15 ROS MZA000721 150000.00 06/11/2025 Books   Dewey Decimal Classification       CBE Mwanza CBE Mwanza General Collection 07/01/2007 Library Budget 50000.00
06/11/2025   658.15 ROS MZA000722 150000.00 06/11/2025 Books   Dewey Decimal Classification       CBE Mwanza CBE Mwanza General Collection 07/01/2007 Library Budget 50000.00
06/11/2025   658.15 ROS MZA000723 150000.00 06/11/2025 Books   Dewey Decimal Classification       CBE Mwanza CBE Mwanza General Collection 07/01/2007 Library Budget 50000.00
06/11/2025   658.15 ROS MZA000724 150000.00 06/11/2025 Books   Dewey Decimal Classification       CBE Mwanza CBE Mwanza General Collection 07/01/2007 Library Budget 50000.00
06/11/2025   658.15 ROS MZA000725 150000.00 06/11/2025 Books   Dewey Decimal Classification       CBE Mwanza CBE Mwanza General Collection 07/01/2007 Library Budget 50000.00
06/11/2025   658.15 ROS MZA000726 150000.00 06/11/2025 Books   Dewey Decimal Classification       CBE Mwanza CBE Mwanza General Collection 07/01/2007 Library Budget 50000.00
06/11/2025   658.15 ROS MZA000727 150000.00 06/11/2025 Books   Dewey Decimal Classification       CBE Mwanza CBE Mwanza General Collection 07/01/2007 Library Budget 50000.00
06/11/2025   658.15 ROS MZA000741 150000.00 06/11/2025 Books   Dewey Decimal Classification       CBE Mwanza CBE Mwanza General Collection 07/01/2007 Library Budget 50000.00